<?xml version="1.0" encoding="UTF-8"?>
<record
    xmlns:xsi="http://www.w3.org/2001/XMLSchema-instance"
    xsi:schemaLocation="http://www.loc.gov/MARC21/slim http://www.loc.gov/standards/marcxml/schema/MARC21slim.xsd"
    xmlns="http://www.loc.gov/MARC21/slim">

  <leader>00450nam a22001577a 4500</leader>
  <controlfield tag="005">20201128104915.0</controlfield>
  <controlfield tag="008">201128b        xxu||||| |||| 00| 0 eng d</controlfield>
  <datafield tag="022" ind1=" " ind2=" ">
    <subfield code="a">978-81-931981-0-0</subfield>
  </datafield>
  <datafield tag="082" ind1=" " ind2=" ">
    <subfield code="a">348.56</subfield>
  </datafield>
  <datafield tag="100" ind1=" " ind2=" ">
    <subfield code="a">DHAL, DEBI PRASAD</subfield>
    <subfield code="9">6328</subfield>
  </datafield>
  <datafield tag="245" ind1=" " ind2=" ">
    <subfield code="a">INDIAN BAR REVIEW (2&amp;3) [VOL-47] APRIL - SEPTEMBER] 2020 [A REFEREED JOURNAL] </subfield>
  </datafield>
  <datafield tag="260" ind1=" " ind2=" ">
    <subfield code="a">NEW DELHI</subfield>
    <subfield code="b">BAR COUNCIL OF INDIAN TRUST</subfield>
  </datafield>
  <datafield tag="300" ind1=" " ind2=" ">
    <subfield code="a">449p;</subfield>
  </datafield>
  <datafield tag="650" ind1=" " ind2=" ">
    <subfield code="a">LAW</subfield>
    <subfield code="9">5701</subfield>
  </datafield>
  <datafield tag="942" ind1=" " ind2=" ">
    <subfield code="c">JRL</subfield>
  </datafield>
  <datafield tag="999" ind1=" " ind2=" ">
    <subfield code="c">7432</subfield>
    <subfield code="d">7430</subfield>
  </datafield>
  <datafield tag="952" ind1=" " ind2=" ">
    <subfield code="0">0</subfield>
    <subfield code="1">0</subfield>
    <subfield code="4">0</subfield>
    <subfield code="7">0</subfield>
    <subfield code="8">LAW</subfield>
    <subfield code="a">JRU</subfield>
    <subfield code="b">JRU</subfield>
    <subfield code="c">SHELF-33-E</subfield>
    <subfield code="d">2020-11-28</subfield>
    <subfield code="e">PURCHES</subfield>
    <subfield code="g">16.00</subfield>
    <subfield code="l">0</subfield>
    <subfield code="o">348.56</subfield>
    <subfield code="p">25150</subfield>
    <subfield code="r">2020-11-28 00:00:00</subfield>
    <subfield code="w">2020-11-28</subfield>
    <subfield code="y">JRL</subfield>
  </datafield>
  <datafield tag="952" ind1=" " ind2=" ">
    <subfield code="0">0</subfield>
    <subfield code="1">0</subfield>
    <subfield code="4">0</subfield>
    <subfield code="7">0</subfield>
    <subfield code="8">LAW</subfield>
    <subfield code="a">JRU</subfield>
    <subfield code="b">JRU</subfield>
    <subfield code="c">SHELF-33-F</subfield>
    <subfield code="d">2020-11-28</subfield>
    <subfield code="e">PURCHES</subfield>
    <subfield code="g">16.00</subfield>
    <subfield code="l">0</subfield>
    <subfield code="o">348.56</subfield>
    <subfield code="p">25151</subfield>
    <subfield code="r">2020-11-28 00:00:00</subfield>
    <subfield code="w">2020-11-28</subfield>
    <subfield code="y">JRL</subfield>
  </datafield>
  <datafield tag="952" ind1=" " ind2=" ">
    <subfield code="0">0</subfield>
    <subfield code="1">0</subfield>
    <subfield code="4">0</subfield>
    <subfield code="7">0</subfield>
    <subfield code="8">LAW</subfield>
    <subfield code="a">JRU</subfield>
    <subfield code="b">JRU</subfield>
    <subfield code="c">SHELF-33-F</subfield>
    <subfield code="d">2020-11-28</subfield>
    <subfield code="e">PURCHES</subfield>
    <subfield code="g">16.00</subfield>
    <subfield code="l">0</subfield>
    <subfield code="o">348.56</subfield>
    <subfield code="p">25152</subfield>
    <subfield code="r">2020-11-28 00:00:00</subfield>
    <subfield code="w">2020-11-28</subfield>
    <subfield code="y">JRL</subfield>
  </datafield>
  <datafield tag="952" ind1=" " ind2=" ">
    <subfield code="0">0</subfield>
    <subfield code="1">0</subfield>
    <subfield code="4">0</subfield>
    <subfield code="7">0</subfield>
    <subfield code="8">LAW</subfield>
    <subfield code="a">JRU</subfield>
    <subfield code="b">JRU</subfield>
    <subfield code="c">SHELF-33-F</subfield>
    <subfield code="d">2020-11-28</subfield>
    <subfield code="e">PURCHES</subfield>
    <subfield code="g">16.00</subfield>
    <subfield code="l">0</subfield>
    <subfield code="o">348.56</subfield>
    <subfield code="p">25153</subfield>
    <subfield code="r">2020-11-28 00:00:00</subfield>
    <subfield code="w">2020-11-28</subfield>
    <subfield code="y">JRL</subfield>
  </datafield>
  <datafield tag="952" ind1=" " ind2=" ">
    <subfield code="0">0</subfield>
    <subfield code="1">0</subfield>
    <subfield code="4">0</subfield>
    <subfield code="7">0</subfield>
    <subfield code="8">LAW</subfield>
    <subfield code="a">JRU</subfield>
    <subfield code="b">JRU</subfield>
    <subfield code="c">SHELF-33-E</subfield>
    <subfield code="d">2020-11-28</subfield>
    <subfield code="e">PURCHES</subfield>
    <subfield code="g">16.00</subfield>
    <subfield code="l">0</subfield>
    <subfield code="o">348.56</subfield>
    <subfield code="p">25154</subfield>
    <subfield code="r">2020-11-28 00:00:00</subfield>
    <subfield code="w">2020-11-28</subfield>
    <subfield code="y">JRL</subfield>
  </datafield>
  <datafield tag="952" ind1=" " ind2=" ">
    <subfield code="0">0</subfield>
    <subfield code="1">0</subfield>
    <subfield code="4">0</subfield>
    <subfield code="7">0</subfield>
    <subfield code="8">LAW</subfield>
    <subfield code="a">JRU</subfield>
    <subfield code="b">JRU</subfield>
    <subfield code="c">SHELF-33-F</subfield>
    <subfield code="d">2020-11-28</subfield>
    <subfield code="e">PURCHES</subfield>
    <subfield code="g">16.00</subfield>
    <subfield code="l">0</subfield>
    <subfield code="o">348.56</subfield>
    <subfield code="p">25155</subfield>
    <subfield code="r">2020-11-28 00:00:00</subfield>
    <subfield code="w">2020-11-28</subfield>
    <subfield code="y">JRL</subfield>
  </datafield>
  <datafield tag="952" ind1=" " ind2=" ">
    <subfield code="0">0</subfield>
    <subfield code="1">0</subfield>
    <subfield code="4">0</subfield>
    <subfield code="7">0</subfield>
    <subfield code="8">LAW</subfield>
    <subfield code="a">JRU</subfield>
    <subfield code="b">JRU</subfield>
    <subfield code="c">SHELF-33-F</subfield>
    <subfield code="d">2020-11-28</subfield>
    <subfield code="e">PURCHES</subfield>
    <subfield code="g">16.00</subfield>
    <subfield code="l">0</subfield>
    <subfield code="o">348.56</subfield>
    <subfield code="p">25156</subfield>
    <subfield code="r">2020-11-28 00:00:00</subfield>
    <subfield code="w">2020-11-28</subfield>
    <subfield code="y">JRL</subfield>
  </datafield>
  <datafield tag="952" ind1=" " ind2=" ">
    <subfield code="0">0</subfield>
    <subfield code="1">0</subfield>
    <subfield code="4">0</subfield>
    <subfield code="7">0</subfield>
    <subfield code="8">LAW</subfield>
    <subfield code="a">JRU</subfield>
    <subfield code="b">JRU</subfield>
    <subfield code="c">SHELF-33-E</subfield>
    <subfield code="d">2020-11-28</subfield>
    <subfield code="e">PURCHES</subfield>
    <subfield code="g">16.00</subfield>
    <subfield code="l">0</subfield>
    <subfield code="o">348.56</subfield>
    <subfield code="p">25157</subfield>
    <subfield code="r">2020-11-28 00:00:00</subfield>
    <subfield code="w">2020-11-28</subfield>
    <subfield code="y">JRL</subfield>
  </datafield>
  <datafield tag="952" ind1=" " ind2=" ">
    <subfield code="0">0</subfield>
    <subfield code="1">0</subfield>
    <subfield code="4">0</subfield>
    <subfield code="7">0</subfield>
    <subfield code="8">LAW</subfield>
    <subfield code="a">JRU</subfield>
    <subfield code="b">JRU</subfield>
    <subfield code="c">SHELF-33-E</subfield>
    <subfield code="d">2020-11-28</subfield>
    <subfield code="e">PURCHES</subfield>
    <subfield code="g">16.00</subfield>
    <subfield code="l">0</subfield>
    <subfield code="o">348.56</subfield>
    <subfield code="p">25158</subfield>
    <subfield code="r">2020-11-28 00:00:00</subfield>
    <subfield code="w">2020-11-28</subfield>
    <subfield code="y">JRL</subfield>
  </datafield>
  <datafield tag="952" ind1=" " ind2=" ">
    <subfield code="0">0</subfield>
    <subfield code="1">0</subfield>
    <subfield code="4">0</subfield>
    <subfield code="7">0</subfield>
    <subfield code="8">LAW</subfield>
    <subfield code="a">JRU</subfield>
    <subfield code="b">JRU</subfield>
    <subfield code="c">SHELF-33-F</subfield>
    <subfield code="d">2020-11-28</subfield>
    <subfield code="e">PURCHES</subfield>
    <subfield code="g">16.00</subfield>
    <subfield code="l">0</subfield>
    <subfield code="o">348.56</subfield>
    <subfield code="p">25159</subfield>
    <subfield code="r">2020-11-28 00:00:00</subfield>
    <subfield code="w">2020-11-28</subfield>
    <subfield code="y">JRL</subfield>
  </datafield>
</record>
